000 00465nam a2200169Ia 4500
008 230917s9999||||xx |||||||||||||| ||und||
020 _cGBP32.99
040 _e258665
_aMAIN
041 _aEnglish
082 _a647.94068 M486I
100 _aMelissen, Frans
245 0 _aImproving sustainability in the hospitality industry
260 _aOxon
_bRoutledge
_c2019
300 _a133 p.
500 _a3685 22/10/2019 HBD19/8039 04/12/2019 Main Budget
942 _cBK
999 _c33467
_d33467